| 000 | 00856nam a2200217 i 4500 | ||
|---|---|---|---|
| 001 | 166321 | ||
| 003 | ES-MaACL | ||
| 005 | 20250809052457.0 | ||
| 008 | 190923s1908 sp |||| | spa d | ||
| 100 | 1 |
_aBonilla y San Martín, Adolfo, _d1875-1926 _930193 |
|
| 245 | 1 | 0 |
_aHistoria de la filosofía española _b: (desde los tiempos primitivos hasta el siglo XII) / _cpor Adolfo Bonilla y San Martín. |
| 260 |
_aMadrid : _bLibrería General de Victoriano Suárez, _c1908. |
||
| 300 |
_a2 v. ; _c19 cm. |
||
| 490 | 1 | _aBiblioteca de derecho y ciencias sociales | |
| 650 | 4 |
_aFilosofía- _zEspaña- _vHistoria. _912844 |
|
| 650 | 7 |
_aFilosofía antigua _2embne _9138724 |
|
| 650 | 7 |
_aFilosofía medieval _2embne _912857 |
|
| 830 | 0 | 0 |
_aBiblioteca de derecho y de ciencias sociales _9182270 |
| 852 |
_aES-MaACL _jP-847-1-2 |
||
| 999 |
_c166321 _d166321 |
||